Stara Warszawa w rysunkach Tadeusza Cieślewskiego /

Bibliographic Details
Main Author: Gomulicki, Juliusz W.
Format: Book
Language:Polish
Published: Warszawa : Arkady, 1958.
Edition:[Wyd. 1.].
Subjects:

MARC

Tag First Indicator Second Indicator Subfields
LEADER 00000cam a22000001i 4500
001 in00001998910
005 20151031113748.0
008 771013s1958 pl af 000 0 pol
010 |a  59020552  
019 |a 37970414 
035 |a (OCoLC)ocm03337988 
040 |a DLC  |c IUL  |d DLC  |d TXA  |d UtOrBLW 
043 |a e-pl--- 
049 |a TXAM 
050 0 0 |a NC269.C5  |b G6 
090 |a NC269.C5  |b G6 1958 
100 1 |a Gomulicki, Juliusz W. 
245 1 0 |a Stara Warszawa w rysunkach Tadeusza Cieślewskiego /  |c Tekst napisał Juliusz W. Gomulicki. 
250 |a [Wyd. 1.]. 
264 1 |a Warszawa :  |b Arkady,  |c 1958. 
300 |a 30 pages, 112 unnumbered pages :  |b illustrations (2 folded), 4 color plates ;  |c 29 cm. 
336 |a text  |b txt  |2 rdacontent 
337 |a unmediated  |b n  |2 rdamedia 
338 |a volume  |b nc  |2 rdacarrier 
600 1 0 |a Cieślewski, Tadeusz,  |d 1870-1956. 
651 0 |a Warsaw (Poland)  |v Pictorial works. 
948 |a cataloged  |b h  |c 2004/9/23  |d c  |e spoltoratski  |f 11:33:17 am 
994 |a E0  |b TXA 
999 |a MARS 
999 f f |s 5112fb53-77f4-3854-a9f6-8772ee5cf769  |i 25e1004b-3aac-3f66-bbff-c71c95da226c  |t 0 
952 f f |p normal  |a Texas A&M University  |b College Station  |c Sterling C. Evans Library  |d Evans: Library Stacks  |t 0  |e NC269.C5 G6 1958  |h Library of Congress classification  |i unmediated -- volume  |m A14832243631 
998 f f |a NC269.C5 G6 1958  |t 0  |l Evans: Library Stacks